Catálogo

Sistemas agrarios en América Latina : (Registro nro. 26783)

Detalles MARC
000 -LEADER
fixed length control field 01219cam a2200349 i 4500
001 - CONTROL NUMBER
control field 26783
003 - CONTROL NUMBER IDENTIFIER
control field Mx-PuUPA
005 - DATE AND TIME OF LATEST TRANSACTION
control field 20250219090008.0
008 - FIXED-LENGTH DATA ELEMENTS--GENERAL INFORMATION
fixed length control field 140415s1994 g 000 0 spa d
017 ## - COPYRIGHT OR LEGAL DEPOSIT NUMBER
Copyright or legal deposit number 90.360
020 ## - INTERNATIONAL STANDARD BOOK NUMBER
International Standard Book Number 9567083290
040 ## - CATALOGING SOURCE
Transcribing agency Mx-PuUPA
Original cataloging agency Mx-PuUPA
Language of cataloging spa
Modifying agency Mx-PuUPA
Description conventions rda
041 ## - LANGUAGE CODE
Language code of text/sound track or separate title spa
043 ## - GEOGRAPHIC AREA CODE
Source of local code cl-----
100 1# - MAIN ENTRY--PERSONAL NAME
Personal name Chonchol, Jacques,
Dates associated with a name 1926-
9 (RLIN) 16758
Relator term autor
245 10 - TITLE STATEMENT
Title Sistemas agrarios en América Latina :
Remainder of title de la etapa prehispánica a la modernización conservadora /
Statement of responsibility, etc. Jacques Chonchol
250 ## - EDITION STATEMENT
Edition statement Primera edición
264 ## - PRODUCTION, PUBLICATION, DISTRIBUTION, MANUFACTURE, AND COPYRIGHT NOTICE
Place of production, publication, distribution, manufacture Santiago, Chile ;
Name of producer, publisher, distributor, manufacturer Fondo de Cultura Económica Chile;
Date of production, publication, distribution, manufacture, or copyright notice 1994
300 ## - PHYSICAL DESCRIPTION
Extent 445 páginas ;
Dimensions 23 cm
336 ## - CONTENT TYPE
Fuente rdacontent
Content type term texto
Content type code txt
337 ## - MEDIA TYPE
Source rdamedia
Media type term sin medio
Media type code n
338 ## - CARRIER TYPE
Source rdacarrier
Carrier type term volumen
Carrier type code nc
502 ## - DISSERTATION NOTE
Dissertation note
650 17 - SUBJECT ADDED ENTRY--TOPICAL TERM
Topical term or geographic name entry element Agricultura
9 (RLIN) 13986
Source of heading or term armarc
General subdivision Historia
Geographic subdivision América Latina
650 17 - SUBJECT ADDED ENTRY--TOPICAL TERM
Topical term or geographic name entry element Sistemas agrícolas
Source of heading or term armarc
Geographic subdivision América Latina
General subdivision Historia
651 ## - SUBJECT ADDED ENTRY--GEOGRAPHIC NAME
Geographic name América Latina
Form subdivision Condiciones Económicas
General subdivision Historia
942 ## - ADDED ENTRY ELEMENTS (KOHA)
Source of classification or shelving scheme Dewey Decimal Classification
Koha item type Libro
Classification part 630.98
Item part C545 1994
Suppress in OPAC
260 ## - PUBLICATION, DISTRIBUTION, ETC.
Place of publication, distribution, etc.
Name of publisher, distributor, etc.
Date of publication, distribution, etc.
Existencias
Withdrawn status Lost status Source of classification or shelving scheme Damaged status Not for loan Collection code Home library Current library Shelving location Date acquired Source of acquisition Cost, normal purchase price Total Checkouts Full call number Barcode Date last seen Cost, replacement price Price effective from Koha item type
    Dewey Decimal Classification     General Biblioteca Karol Wojtyla Biblioteca Karol Wojtyla Sala general 03/12/2013 Donación 0.00   630.98 C545 1994 49757 05/01/2026 0.00 03/12/2013 Libro